Statistics for Julianne Moore Filmography

Click here to take the quiz!

General Stats

  • This quiz has been taken 124 times
    (7 since last reset)
  • The average score is 62 of 127

Answer Stats

TypeYearName% Correct
Film1997Boogie Nights
100%
Film2002Far from Heaven
100%
Film1999Magnolia
100%
Film2023May December
100%
Film2014Still Alice
100%
Film1999The End of the Affair
100%
Film2002The Hours
100%
Film2014Maps to the Stars
86%
Film2014The Hunger Games: Mockingjay - Part 1
86%
Film2015The Hunger Games: Mockingjay - Part 2
86%
Film1999A Map of the World
71%
Film1999An Ideal Husband
71%
Video Game1997Chaos Island: The Lost World
71%
Film2011Crazy, Stupid, Love.
71%
Film2021Dear Evan Hansen
71%
Film2013Don Jon
71%
Film2006Freedomland
71%
Film2001Hannibal
71%
Film2014Seventh Son
71%
Film1997The Lost World: Jurassic Park
71%
Film2005The Prize Winner of Defiance, Ohio
71%
TV Show2009-201330 Rock
57%
Film2009A Single Man
57%
Film1995Assassins
57%
TV Show1985-1988, 2010As the World Turns
57%
Film2012Being Flynn
57%
Film2018Bel Canto
57%
Film1993Body of Evidence
57%
Film2013Carrie
57%
TV Film1991Cast a Deadly Spell
57%
Film1997Chicago Cab
57%
Film2006Children of Men
57%
Film2009Chloe
57%
Film1999Cookie's Fortune
57%
Film2008Eagle Eye
57%
FilmTBAEcho Valley
57%
Film2001Evolution
57%
Film2015Freeheld
57%
TV Film2012Game Change
57%
Film2007I'm Not There
57%
Film2017Kingsman: The Golden Circle
57%
Film2000Ladies Man
57%
Film2004Laws of Attraction
57%
Web Mini-Series2021Lisey's Story
57%
Film2015Maggie's Plan
57%
TV Show2024Mary & George
57%
Film2007Next
57%
Film1995Nine Months
57%
Film2014Non-Stop
57%
Film1998Psycho
57%
Film1995Safe
57%
TV Show1998Saturday Night Live
57%
Film2010Shelter
57%
Film1993Short Cuts
57%
Film2021Spirit Untamed
57%
Film2017Suburbicon
57%
Film1996Surviving Picasso
57%
Film1990Tales from the Darkside: The Movie
57%
Film1998The Big Lebowski
57%
Film2013The English Teacher
57%
Film2004The Forgotten
57%
Film1993The Fugitive
57%
Film1992The Hand That Rocks the Cradle
57%
Film2010The Kids Are All Right
57%
Film2009The Private Lives of Pippa Lee
57%
Film2021The Woman in the Window
57%
Film2005Trust the Man
57%
Film1994Vanya on 42nd Street
57%
Film2012What Maisie Knew
57%
Film2022When You Finish Saving the World
57%
Film2019After the Wedding
43%
Film1993Benny & Joon
43%
Film2008Blindness
43%
TV Show1990B.L. Stryker
43%
Film2018Gloria Bell
43%
Film2004Marie and Bruce
43%
TV Film1989Money, Power, Murder.
43%
Film2013Movie 43
43%
Short Film2000Not I
43%
Film1995Roommates
43%
Film2007Savage Grace
43%
TV Show2004Sesame Street
43%
Film2023Sharper
43%
TV Show1984The Edge of Night
43%
Film2020The Glorias
43%
Film1992The Gun in Betty Lou's Handbag
43%
TV Film1991The Last to Go
43%
Film1997The Myth of Fingerprints
43%
Short Film2019The Staggering Girl
43%
Film2021With/In
43%
Film2017Wonderstruck
43%
Film2001World Traveler
43%
TV Short2011A Child's Garden of Poetry
29%
Music Video2020Actually Vote
29%
TV Show1985Another World
29%
TV Show2016Difficult People
29%
Film2010Elektra Luxx
29%
Short Film2013Happy Hour
29%
TV Mini-Series1987I'll Take Manhattan
29%
TV Show2016Inside Amy Schumer
29%
TV Show2017Nightcap
29%
Music Video1999Save Me
29%
Short Film2009The Ballad of G.I. Joe
29%
Film2005The Naked Brothers Band: The Movie
29%
FilmTBAThe Room Next Door
29%
Film2001The Shipping News
29%
Short Film2007Vanity Fair: Killers Kill, Dead Men Die
29%
Film1998Welcome to Hollywood
29%
Documentary Series2018Basketball: A Love Story
14%
Theater1989Bone-the-Fish
14%
Podcast2022-PresentCase 63
14%
Music Video2017Free Me
14%
Short Film2021French Water
14%
Theater1988Hamlet
14%
Theater1990Ice Cream with Hot Fudge
14%
Commercial2013-2017L'Oréal
14%
FilmTBAMothertrucker
14%
Commercial1988'Mysteries of the Unknown' - Time-Life
14%
TV Special2005Nobel Peace Prize Concert
14%
Documentary2009Out from the Shadows: The Story of Irene Joliot-Curie and Frederic Joliot Curie
14%
Theater1983-1984Plenty
14%
Commercial2002-2005Revlon
14%
Theater1987Serious Money
14%
Theater1989The Bug
14%
TV Show2011The Marriage Ref
14%
Documentary Mini-Series2021The Mind, Explained
14%
Theater2006-2007The Vertical Hour
14%

Score Distribution

Percentile by Number Answered

Percent of People with Each Score

Your Score History

You have not taken this quiz since the last reset